| 000 | 00632nam a22002177a 4500 | ||
|---|---|---|---|
| 003 | OSt | ||
| 005 | 20170208135008.0 | ||
| 008 | 170208b xxu||||| |||| 00| 0 eng d | ||
| 020 | _a9781609139650 | ||
| 040 | _cDNLM | ||
| 082 | _aWU26 G45c 2013 | ||
| 100 |
_aStewart, Marcia G.; Bagby, Michael _911507 |
||
| 245 | _aClinical Aspect of Dental Materials: theory, practice, and cases | ||
| 250 | _a4h ed. | ||
| 260 | _aPhiladelphia; Wolters Kluwer, 2013 | ||
| 300 | _axiv,514p; col.ill: 28cm | ||
| 504 | _aAppendices, & index included | ||
| 650 |
_aDental materials _94135 |
||
| 650 |
_aDental care _911394 |
||
| 942 |
_2z _cO_SHELF |
||
| 999 |
_c5515 _d5514 |
||